00924nam a2200277 a 4500001001300000003000900013005001700022008004100039020001000080082001800090100001900108245002500127260003100152300000900183500003500192505001000227650003000237650003000267700001900297902000800316942000700324952009600331952009600427952011000523999001300633nice12345678IN_TiNIC20260116011311.0050524s1922 viza grd 000 0 ara  ac10000a492.7321bELI aElias, A Elias aAl-Qamoos-Ul-Madrasi aVizagbNo Publisher c1922 a343p aincludes index and biblioraphy2 aIndex aEnglish-Arabic Dictionary aArabic-English-dictionary1 aElias, A Elias bRBA cBK 00104070aHMIbHMId2018-08-01g100.00l0o492.7321 ELIp080r0000-00-00w2026-01-16yBK 00104070aHMIbHMId2018-08-01g100.00l0o492.7321 ELIp081r0000-00-00w2026-01-16yBK 00104070aHMIbHMId2018-08-01g100.00l2o492.7321 ELIp09596r2023-08-25s2018-08-01w2026-01-16yBK c304d304